Statistics for Countries Closest to Israel A-Z

Click here to take the quiz!

General Stats

  • This quiz has been taken 120 times
  • The average score is 20 of 24

Answer Stats

Country % Correct
ExEgypt
97%
JxJordan
96%
SxSyria
96%
QxQatar
95%
LxLebanon
94%
IxIraq
92%
AxArmenia
92%
YxYemen
91%
TxTurkey
90%
ZxZambia
90%
OxOman
89%
CxCyprus
85%
KxKuwait
84%
RxRussia
82%
GxGreece
80%
VxVatican City
78%
DxDjibouti
77%
FxFrance
77%
HxHungary
76%
BxBulgaria
74%
UxUkraine
70%
PxPoland
64%
MxMacedonia
64%
NxNiger
62%

Score Distribution

Percentile by Number Answered

Percent of People with Each Score

Your Score History

You have not taken this quiz